La cultura de la noche : la vida nocturna de los jóvenes en buenos aires /
Guardado en:
| Autor Principal: | |
|---|---|
| Formato: | Libro |
| Publicado: |
Buenos Aires :
Biblos
|
| Series: | Sociedad
|
| Materias: | |
| Etiquetas: |
Agregar Etiqueta
Sin Etiquetas, Sea el primero en etiquetar este registro!
|
| LEADER | 01512nam a22002295a 4500 | ||
|---|---|---|---|
| 001 | CEM.cems012759 | ||
| 005 | 20071204165217.0 | ||
| 008 | 130507b######################000#0#####d | ||
| 003 | CEMS | ||
| 020 | |a 9507861459 | ||
| 082 | 0 | 4 | |a 309.82 |
| 100 | 1 | |a Margulis, Mario | |
| 245 | 1 | 0 | |a La cultura de la noche : |b la vida nocturna de los jóvenes en buenos aires / |c Mario Margulis |
| 260 | |a Buenos Aires : |b Biblos | ||
| 300 | |a 300 p. | ||
| 490 | 0 | |a Sociedad | |
| 505 | 0 | |a La cultura de la noche / Mario Margulis -- Rock: universo simbólico y fenómeno social / Augusto Di Marco -- Rocanrol. El recital: los militantes del bardo / Paula Bustos Castro -- Cultura, rock y poder. El rock que se muerde la cola / Iván Noble -- El rock nacional y sus contradicciones: ¿circo criollo del rocanrol? / Ramiro Martínez Mendoza -- La discoteca en Buenos Aires / Ileana Gutiérrez -- La discoteca como sistema de exclusión / Marcelo Urresti -- La disco: vivir el presente / Silvina E. Chmiel -- Los bailanteros. La fiesta urbana de la cultura popular / Jorge Elbaum -- Siga el baile: el fenómeno social de la bailanta, nacimiento y apogeo / Hugo D. Lewin -- Los modernos: una nueva bohemia posvanguardista / Marcelo Urresti -- Los extraños de pelo largo. Vida cotidiana y consumos culturales / Silvia Kuasñosky y Dalia Szulik | |
| 653 | |a Sociología | ||
| 653 | |a Sociología argentina | ||
| 653 | |a Cultura popular-argentina | ||
| 653 | |a Juventud | ||
| 859 | |a CEMS |b BIB. CEMS - 11 de abril |h 309.82 |i M337-1a3 |p 25012.07 |t Ej.1 | ||
